Normal view
MARC view
- INEGRATED CIRCUITS ELECTRONIC CIRCUIT ANALYSIS
Entry Topical Term
001 - CONTROL NUMBER
- control field: 65881
003 - CONTROL NUMBER IDENTIFIER
- control field: NUST
005 - DATE AND TIME OF LATEST TRANSACTION
- control field: 20210628203514.0
008 - FIXED-LENGTH DATA ELEMENTS
- fixed length control field: 210628|| aca||aabn | a|a d
040 ## - CATALOGING SOURCE
- Original cataloging agency: NUST
- Transcribing agency: NUST
150 ## - HEADING--TOPICAL TERM
- Topical term or geographic name entry element: INEGRATED CIRCUITS ELECTRONIC CIRCUIT ANALYSIS
670 ## - SOURCE DATA FOUND
- Source citation: Work cat.: (NUST): RUEHLI, A. E 65880, CIRCUIT ANALYSIS SIMULATION AND DESIGN, VLSI CIRCUIT ANALYSIS AND SIMULATION, 1987
